<?xml version="1.0" encoding="UTF-8"?>
<marc:record xmlns:marc="http://www.loc.gov/MARC21/slim">
   <marc:leader>00000nam a2200000 a 4500</marc:leader>
   <marc:datafield ind1="1" ind2=" " tag="100">
      <marc:subfield code="a">Bynum, Janie</marc:subfield>
      <marc:subfield code="4">aut</marc:subfield>
      <marc:subfield code="e">Verfasser/-in</marc:subfield>
   </marc:datafield>
   <marc:datafield ind1=" " ind2=" " tag="653">
      <marc:subfield code="a">Freundschaft</marc:subfield>
   </marc:datafield>
   <marc:datafield ind1=" " ind2=" " tag="653">
      <marc:subfield code="a">Familie</marc:subfield>
   </marc:datafield>
   <marc:datafield ind1=" " ind2=" " tag="653">
      <marc:subfield code="a">Huhn</marc:subfield>
   </marc:datafield>
   <marc:datafield ind1=" " ind2=" " tag="653">
      <marc:subfield code="a">Bilderbücher mit Tierprotagonisten</marc:subfield>
   </marc:datafield>
   <marc:datafield ind1="0" ind2="0" tag="245">
      <marc:subfield code="a">Das Plapperküken</marc:subfield>
   </marc:datafield>
   <marc:datafield ind1=" " ind2="1" tag="264">
      <marc:subfield code="b">NordSüd Verl.</marc:subfield>
      <marc:subfield code="c">2021</marc:subfield>
   </marc:datafield>
   <marc:datafield ind1="1" ind2=" " tag="520">
      <marc:subfield code="a">Küken hat wahnsinnig viel zu erzählen und plappert pausenlos. Aber niemand hört ihm zu! Mama ist im Garten beschäftigt, Papa bei der Arbeit und die große Schwester steckt lieber die Nase in ein Buch. Doch dann stößt Küken beim Spielen auf ein riesiges Ei und erlebt nicht nur eine große Überraschung, sondern findet endlich einen Spielkameraden, mit dem es sich richtig gut versteht. Janie Bynum erzählt und illustriert ihre Geschichte auf unwiderstehlich lustige Art, wobei sie Typografie als originelles Gestaltungsmittel ein setzt. Ein großer Spaß zum Vorlesen und Nachplappern.</marc:subfield>
   </marc:datafield>
   <marc:datafield ind1=" " ind2=" " tag="020">
      <marc:subfield code="a">9783314105135</marc:subfield>
      <marc:subfield code="9">9783314105135</marc:subfield>
   </marc:datafield>
</marc:record>
